Housebuilding: October 2002 (Record no. 71720)

MARC details
000 -LEADER
fixed length control field 00825cam a2200205 4500
001 - CONTROL NUMBER
control field WB3845-02
008 - FIXED-LENGTH DATA ELEMENTS--GENERAL INFORMATION
fixed length control field 021107n2002 000 0 eng u
035 ## - SYSTEM CONTROL NUMBER
System control number (Sirsi) u120688
245 ## - TITLE STATEMENT
Title Housebuilding: October 2002
260 ## - PUBLICATION, DISTRIBUTION, ETC.
Date of publication, distribution, etc. 2002
490 ## - SERIES STATEMENT
Series statement ODPM Statistical Release
Volume/sequential designation (HB-12) 5 December 2002, (2)
520 ## - SUMMARY, ETC.
Summary, etc. ODPM statistics outlining housebuilding figures for October 2002 estimate that 15 300 dwellings were started and 15 000 completed, a 2% increase for both compared with the same period in 2001. ODPM plans to publish housing starts and completions quarterly from the financial year 2003-04. www.odpm.gov.uk/news/0211/hb-11.htm
590 ## - LOCAL NOTE (RLIN)
Local note WB
650 ## - SUBJECT ADDED ENTRY--TOPICAL TERM
Topical term or geographic name entry element STATISTICS
650 ## - SUBJECT ADDED ENTRY--TOPICAL TERM
Topical term or geographic name entry element NEW STARTS
650 ## - SUBJECT ADDED ENTRY--TOPICAL TERM
Topical term or geographic name entry element COMPLETIONS
650 ## - SUBJECT ADDED ENTRY--TOPICAL TERM
Topical term or geographic name entry element HOUSE BUILDING
690 ## - LOCAL SUBJECT ADDED ENTRY--TOPICAL TERM (OCLC, RLIN)
Topical term or geographic name as entry element BUILT ENVIRONMENT
942 ## - ADDED ENTRY ELEMENTS (KOHA)
Suppress in OPAC 0
Holdings
Withdrawn status Lost status Source of classification or shelving scheme Damaged status Not for loan Home library Current library Shelving location Date acquired Total Checkouts Full call number Barcode Date last seen Copy number Price effective from Koha item type
    Dewey Decimal Classification     London London News article 05/12/2002   WB3845-02 120688-1001 06/08/2019 1 06/08/2019 News article